El alma de Campeche en la leyenda maya / (Record no. 1833)
[ view plain ]
| 000 -CABECERA | |
|---|---|
| campo de control de longitud fija | 01067nam a2200241 a 4500 |
| 005 - FECHA Y HORA DE LA ÚLTIMA TRANSACCIÓN | |
| campo de control | 20260328064231.0 |
| 008 - ELEMENTOS DE LONGITUD FIJA--INFORMACIÓN GENERAL | |
| campo de control de longitud fija | 991125s1947 mx 000 0 spa u |
| 035 ## - NÚMERO DE CONTROL DEL SISTEMA | |
| Número de control de sistema | UPN01000001833 |
| 049 ## - COLECCIÓN | |
| Colección | SEP |
| 050 #4 - SIGNATURA TOPOGRÁFICA DE LA BIBLIOTECA DEL CONGRESO | |
| Número de clasificación | AC70 |
| Número de documento/Ítem | B5a no.166-1 |
| 100 1# - ASIENTO PRINCIPAL--NOMBRE PERSONAL | |
| Nombre de persona | Medina E., Elsie Encarnación |
| 245 13 - MENCIÓN DE TÍTULO | |
| Título | El alma de Campeche en la leyenda maya / |
| Mención de responsabilidad, etc. | por Elsie Encarnación Medina E. |
| 260 ## - PUBLICACIÓN, DISTRIBUCIÓN, ETC. | |
| Lugar de publicación, distribución, etc. | México : |
| Nombre del editor, distribuidor, etc. | SEP, |
| Fecha de publicación, distribución, etc. | 1947. |
| 300 ## - DESCRIPCIÓN FÍSICA | |
| Extensión | 1 v. (en varias paginaciones) |
| 440 #0 - MENCIÓN DE SERIE/ASIENTO SECUNDARIO--TÍTULO | |
| Título | Biblioteca enciclopédica popular ; |
| Designación de volumen o secuencia | 166-170 |
| 501 ## - NOTA DE "CON" | |
| Nota de “Con” | Encuadernado con: no.167. Sala de retratos / por Ermilo Abreu Gómez -- no.168. Estudios de Abad y Queipo / introd. y selec. de Genaro Brown Castillo -- no.169. Realidades del sueño : escenario onírico / por Fernando Mota -- no.170. Anatole France : cuentos y relatos / selec., pról. y notas de Enrique Espinosa |
| 600 14 - ASIENTO SECUNDARIO DE MATERIA - NOMBRE PERSONAL | |
| Nombre de persona | FRANCE, ANATOLE, |
| Fechas asociadas al nombre | 1844-1924 |
| 650 #4 - ASIENTO SECUNDARIO DE MATERIA - TERMINO TEMATICO | |
| Término de materia o nombre geográfico como elemento de entrada | Autores mexicanos |
| 9 (RLIN) | 4057 |
| 650 #4 - ASIENTO SECUNDARIO DE MATERIA - TERMINO TEMATICO | |
| Término de materia o nombre geográfico como elemento de entrada | Mayas |
| Subdivisión general | Leyendas |
| 9 (RLIN) | 16736 |
| 650 #2 - ASIENTO SECUNDARIO DE MATERIA - TERMINO TEMATICO | |
| Término de materia o nombre geográfico como elemento de entrada | Teatro |
| 9 (RLIN) | 12795 |
| 651 #4 - ASIENTO SECUNDARIO DE MATERIA - NOMBRE GEOGRAFICO | |
| Nombre geográfico | MEXICO - |
| Subdivisión general | HISTORIA - |
| Subdivisión cronológica | HASTA 1810 |
| 9 (RLIN) | 13355 |
| 905 ## - TIPO DE MATERIAL | |
| Tipo de material | Libro |
| Estado de retiro | Estado de pérdida | Fuente del sistema de clasificación o colocación | Estado dañado | No para préstamo | Código de colección | Localización permanente | Ubicación/localización actual | Ubicación en estantería | Fecha de adquisición | Clasificación | Código de barras | Fecha visto por última vez | Número de copia | Tipo de ítem Koha |
|---|---|---|---|---|---|---|---|---|---|---|---|---|---|---|
| Library of Congress Classification | Coleccion SEP | Colección SEP | Bib. Gregorio Torres Quintero | Bib. Gregorio Torres Quintero | Colección SEP | 09/05/2023 | AC70 B5a no.166-1 | 22879 | 31/12/2020 | 1 | Libro |
